| Tag |
First Indicator |
Second Indicator |
Subfields |
| LEADER |
00000cam a2200000Ia 4500 |
| 001 |
in00002787315 |
| 005 |
20151202172114.0 |
| 008 |
120804s2012 it 000 0 fre d |
| 020 |
|
|
|a 9789250072074
|
| 020 |
|
|
|a 9250072074
|
| 035 |
|
|
|a (OCoLC)ocn805052670
|
| 035 |
|
|
|a (OCoLC)805052670
|
| 040 |
|
|
|a BTCTA
|b eng
|c BTCTA
|d YDXCP
|d TXA
|d UtOrBLW
|
| 041 |
0 |
|
|a eng
|a fre
|
| 043 |
|
|
|a fw-----
|
| 049 |
|
|
|a TXAM
|
| 090 |
|
|
|a TX551
|b .W46 2012
|
| 245 |
0 |
0 |
|a West African food composition table =
|b Table de composition des aliments d'Afrique de l'Ouest /
|c Barbara Stadlmayr [and others].
|
| 246 |
1 |
1 |
|a Table de composition des aliments d'Afrique de l'Ouest
|
| 264 |
|
1 |
|a Rome :
|b Food and Agriculture Organization of the United Nations,
|c 2012.
|
| 300 |
|
|
|a xxi, 148 pages ;
|c 30 cm.
|
| 336 |
|
|
|a text
|b txt
|2 rdacontent
|
| 337 |
|
|
|a unmediated
|b n
|2 rdamedia
|
| 338 |
|
|
|a volume
|b nc
|2 rdacarrier
|
| 546 |
|
|
|a In English and French.
|
| 504 |
|
|
|a Includes bibliographical references.
|
| 650 |
|
0 |
|a Food
|z Africa, West
|x Composition
|v Tables.
|
| 650 |
|
0 |
|a Nutrition
|z Africa, West
|v Tables.
|
| 700 |
1 |
|
|a Stadlmayr, Barbara.
|
| 710 |
2 |
|
|a Food and Agriculture Organization of the United Nations.
|
| 710 |
2 |
|
|a International Network of Food Data Systems.
|
| 710 |
2 |
|
|a West African Health Organization.
|
| 710 |
2 |
|
|a Bioversity International.
|
| 994 |
|
|
|a C0
|b TXA
|
| 948 |
|
|
|a cataloged
|b h
|c 2012/12/15
|d c
|e nbehmer
|f 3:03:30 pm
|
| 999 |
|
|
|a MARS
|
| 999 |
f |
f |
|s 26addc79-8190-3cd7-935e-a60a6b6ac8f9
|i b0c88bcf-b50f-3930-a995-3d8a3aa2c080
|t 0
|
| 952 |
f |
f |
|p ric
|a Texas A&M University
|b Rellis Campus
|c Joint Library Facility
|d Remote Storage
|t 0
|e TX551 .W46 2012
|h Library of Congress classification
|i unmediated -- volume
|m A14841625727
|
| 998 |
f |
f |
|a TX551 .W46 2012
|t 0
|l Remote Storage
|